Principles of digital audio /

Uloženo v:
Podrobná bibliografie
Hlavní autor: Pohlmann, Ken C. (Autor)
Médium: Kniha
Jazyk:angličtina
Vydáno: New York : McGraw-Hill, 2005
Vydání:5th ed.
Témata:
ISBN:0071441565
On-line přístup: Získat plný text
Tagy: Přidat tag
Žádné tagy, Buďte první, kdo vytvoří štítek k tomuto záznamu!

MARC

LEADER 00000nam a2200000 4500
003 SK-BrCVT
005 20220621163426.0
008 070905s2005 xxu e ||||||eng d
020 |a 0071441565 
035 |a CVTIDW1419098 
040 |b slo  |a CVTI SR  |e AACR2 
041 0 |a eng 
044 |a xxu 
080 |a 621.396  |2 UDC-MRF 
080 |a 534  |2 UDC-MRF 
100 1 |a Pohlmann, Ken C.  |4 aut 
242 1 0 |a Základy digitálneho zvuku  |y slo 
245 1 0 |a Principles of digital audio /  |c Ken C. Pohlmann 
250 |a 5th ed. 
260 |a New York :  |b McGraw-Hill,  |c 2005 
300 |a XX, 842 s. :  |b grafy, lit., obr., tab. ; 
653 1 |a spracovanie signálov  |a internet  |a akustika  |a binárny kód  |a Booleova algebra  |a záznam zvuku  |a zvukové médiá 
910 |a BA002  |b A602969 
919 |a 0-07-144156-5 
974 |f Knihy 
992 |a AMG 
999 |c 156794  |d 156794